Name a Valid DreamWorks Animated Movie - Statistics

General Stats
  • This quiz has been taken 92 times
  • The average score is 13 of 15
Answer Stats
Name A Valid DreamWorks Movie % Correct
that has a species in the title Antz | Chicken Run | Spirit: Stallion of the Cimarron | Shark Tale | Wallace and Gromit: The Curse of the Were-Rabbit | Bee Movie | Kung Fu Panda | Monsters vs. Aliens | How to Train Your Dragon | Kung Fu Panda 2 | Penguins of Madagascar | How to Train Your Dragon 2 Kung Fu Panda 3 | Trolls | The Boss Baby | Abominable | How to Train Your Dragon: The Hidden World | Trolls World Tour | The Boss Baby: Family Business | Trollhunters: Rise of the Titans | Ruby Gillman, Teenage Kraken | Trolls Band Together | Chicken Run: Dawn of the Nugget | Kung Fu Panda 4 | The Wild Robot
97%
that came out before 2005 Antz | The Prince of Egypt | Joseph: King of Dreams | The Road to El Dorado | Chicken Run | Shrek | Spirit: Stallion of the Cimarron | Sinbad: Legend of the Seven Seas | Shrek 2 | Shark Tale
97%
that has a sequel/spin-off The Prince of Egypt | Chicken Run | Shrek | Spirit: Stallion of the Cimarron | Madagascar | Kung Fu Panda | Megamind | How to Train Your Dragon | Puss in Boots | The Croods | Trolls | The Boss Baby | Captain Underpants: The First Epic Movie | The Bad Guys
97%
that has a name in the title Joseph: King of Dreams | Shrek | Spirit: Stallion of the Cimarron | Sinbad: Legend of the Seven Seas | Shrek 2 | Wallace and Gromit: The Curse of the Were-Rabbit | Shrek the Third | Shrek Forever After | Megamind | Puss in Boots | The Croods | Turbo | Mr. Peabody and Sherman | Captain Underpants: The First Epic Movie | The Croods: A New Age | Spirit: Untamed | Puss in Boots: The Last Wish | Ruby Gillman, Teenage Kraken | Orion and the Dark | Megamind vs. the Doom Syndicate
96%
that was nominated for an Academy Award The Prince of Egypt | Shrek | Spirit: Stallion of the Cimarron | Shark Tale | Shrek 2 | Wallace and Gromit: The Curse of the Were-Rabbit | Kung Fu Panda | How to Train Your Dragon | Kung Fu Panda 2 | Puss in Boots | The Croods | How to Train Your Dragon 2 | Trolls | The Boss Baby | How to Train Your Dragon: The Hidden World | Puss in Boots: The Last Wish
96%
that has a TV show counterpart Spirit: Stallion of the Cimarron | Madagascar | Wallace and Gromit: The Curse of the Were-Rabbit | Kung Fu Panda | Madagascar: Escape 2 Africa | Monsters vs. Aliens | How to Train Your Dragon | Megamind | Kung Fu Panda 2 | Puss in Boots | Madagascar 3: Europe's Most Wanted | Turbo | The Croods | Penguins of Madagascar | How to Train Your Dragon 2 | Mr. Peabody and Sherman | Home | Trolls | Kung Fu Panda 3 | Captain Underpants: The First Epic Movie | The Boss Baby | How to Train Your Dragon: The Hidden World | Abominable | Trolls World Tour | The Croods: A New Age | Trollhunters: Rise of the Titans | Puss in Boots: The Last Wish | Trolls Band Together | Kung Fu Panda 4 | Megamind vs. the Doom Syndicate
94%
that has a live-action counterpart Shrek | How to Train Your Dragon | The Prince of Egypt
92%
that is a sequel or spin-off Joseph: King of Dreams | Shrek 2 | Shrek the Third | Madagascar: Escape 2 Africa | Shrek Forever After | Puss in Boots | Kung Fu Panda 2 | Madagascar: Europe's Most Wanted | Penguins of Madagascar | How to Train Your Dragon 2 | Kung Fu Panda 3 | How to Train Your Dragon: The Hidden World | Trolls World Tour | The Croods: A New Age | Spirit: Untamed | The Boss Baby: Family Business | Chicken Run: Dawn of the Nugget | Trolls Band Together | Kung Fu Panda 4 | Megamind vs. the Doom Syndicate
90%
that has a place in the title The Prince of Egypt | The Road to El Dorado | Sinbad: Legend of the Seven Seas | Madagascar | Over the Hedge | Madagascar: Escape 2 Africa | Madagascar 3: Europe's Most Wanted | Penguins of Madagascar | Home | How to Train Your Dragon: The Hidden World | Trolls World Tour
90%
that has a group in the title (i.e. Avengers, X-Men) Wallace and Gromit: The Curse of the Were-Rabbit | Monsters vs. Aliens | Rise of the Guardians | The Croods | Mr. Peabody and Sherman | Penguins of Madagascar | Trolls | Trolls World Tour | The Croods: A New Age | Trollhunters: Rise of the Titans | The Bad Guys | Trolls Band Together | Orion and the Dark | Megamind vs. the Doom Syndicate
86%
that is 2-D animated Antz | The Prince of Egypt | Joseph: King of Dreams | The Road to El Dorado | Spirit: Stallion of the Cimarron | Sinbad: Legend of the Seven Seas
85%
that has a Frat Pack member in it Shark Tale | Madagascar | Over the Hedge | Shrek the Third | Kung Fu Panda | Madagascar: Escape 2 Africa | Monsters vs. Aliens | Megamind | Kung Fu Panda 2 | Madagascar 3: Europe's Most Wanted | Kung Fu Panda 3 | Kung Fu Panda 4
85%
that grossed over $650 million dollars Shrek 2 | Shrek the Third | Shrek Forever After | Kung Fu Panda 2 | Madagascar 3: Europe's Most Wanted
73%
that is stop-motion animated Chicken Run | Wallace and Gromit: The Curse of the Were-Rabbit | Flushed Away | Chicken Run: Dawn of the Nugget
69%
that is a streaming original Spirit: Untamed | Trollhunters: Rise of the Titans | Chicken Run: Dawn of the Nugget | Orion and the Dark | Megamind vs. the Doom Syndicate
37%
No matching quizzes found
Score Distribution
Percent of People with Each Score
Percentile by Number Answered
Your Score History
You have not taken this quiz